000 00898cam a22002415a 4500
001 L158545
008 150417s2015 xxk f 000 0 eng d
020 _a9781848064164
035 _a(Sirsi) u158545
041 _aeng
050 _a690
100 1 _aHouston, John
110 _aBuilding Research Establishment
245 _aDiagnosing the causes of dampness.
260 _aGarston, Watford
_bBuilding Research Establishment
_c2015
300 _a4p. : ill. ; 30cm.
490 _aBRE Good Repair Guide
_vGR 5
520 _aProvides advice on how to identify the potential causes of dampness in homes. It replaces the guidance published in 1997. The other guides in the series, Good Repair Guides 6-8, cover specific remedial treatment for the principal causes of dampness.
650 _aDAMP
651 4 _aENGLAND AND WALES
690 _aBuilding materials and defects
942 _n0
999 _c115371
_d115371